Countries with a Hot Summer Mediterranean Climate - Statistics

General Stats
  • This quiz has been taken 156 times
  • The average score is 43 of 47
Answer Stats
Answer % Correct
France
99%
Greece
99%
Albania
98%
Bulgaria
98%
Italy
98%
Turkey
98%
Turkey
98%
United States
98%
Bosnia and Herzegovina
97%
Croatia
97%
Mexico
97%
Spain
97%
Portugal
96%
Tunisia
96%
Chile
95%
Morocco
95%
Argentina
94%
Australia
94%
Israel
94%
Libya
94%
Malta
94%
Monaco
94%
Montenegro
94%
Algeria
92%
Iran
92%
Iraq
91%
Jordan
91%
Lebanon
91%
South Africa
91%
Syria
91%
United Kingdom
91%
Vatican City
91%
North Macedonia
90%
Cyprus
87%
Kenya
87%
India
86%
Pakistan
85%
Afghanistan
84%
Azerbaijan
83%
Turkmenistan
83%
Uzbekistan
83%
Tanzania
82%
Ethiopia
81%
Tajikistan
81%
Kazakhstan
80%
Eritrea
76%
Madagascar
76%
No matching quizzes found
Score Distribution
Percent of People with Each Score
Percentile by Number Answered
Your Score History
You have not taken this quiz